000 00641nam a22002417a 4500
001 62154
003 UA-OsUOA
005 20220203104129.0
007 ta
008 20090812b un ||||| |||| 00| 0 ukr d
040 _aUA-OsUOA
_brus
_cUA-OsUOA
_dUA-OsUOA
041 _arus
080 _a821.161.1
090 _a821.161.1
_bБ 21
100 _aБальзак О.
245 _aСобрание сочинений в 24 томах
260 _aМ.
_bПравда
_c1960
300 _a335 с.
505 _gТ. 23
_tОчерки. Письма
650 7 _a821 Художня література
_2UDC
942 _cBK
_2udc
955 _a3
999 _c348201
_d348201